00689nam a2200241 a 4500001001300000003000900013005001700022008004100039020001000080082001300090100002000103245006900123260003400192300000900226500003500235505001000270650002600280700002000306902000800326942000700334952009300341999001300434nice12345678IN_TiNIC20260116011313.0050524s1915 lona grp 000 0 eng  ac10000a231bPLA aPlatt, Frederic aImmanennce and Christian Thoughtb Implications and Suggestions. aLondonbCharles H Kellyc1915 a541p aincludes index and biblioraphy2 aindex aGod-Biblical Teaching1 aPlatt, Frederic bSRS cBK 00104070aHMIbHMId2007-06-14g100.00l0o231 PLAp1368r2007-06-14w2026-01-16yARB c335d335